| 000 | 00450nam a2200169Ia 4500 | ||
|---|---|---|---|
| 008 | 240729s9999 xx 000 0 und d | ||
| 022 | _a2809-9885 | ||
| 245 | 0 | _aJournal of Central Banking Law and Institutions | |
| 260 | _aIndonesia | ||
| 260 | _bBank Indonesia | ||
| 650 | _a Banking | ||
| 650 | _a Finance | ||
| 650 | _aSocial Sciences | ||
| 856 | _uhttps://doaj.org/toc/2110e2d9cae343e285afe754a2d2cf6f | ||
| 942 | _2ddc | ||
| 942 | _cDOAJEJ | ||
| 999 |
_c74640 _d74640 |
||
| 945 |
_a1 _bMadushi Gamage _c1 _dMadushi Gamage |
||